01625 2200337 4500001002100000005001500021035002000036007000300056008004100059020002200100082001000122084001900132100002600151245017600177250002800353300003700381650001900418700001700437700003600454700002900490700003700519504002900556520051100585740005601096264002901152336002101181337003001202338002301232990001601255990001601271INLIS00000000116295220230110121000 a0010-0123000120ta230110 b 1 ind  a978-602-268-444-2 a2X9.8 aSR 2X9.8 YOL u0 aYoli Hemdiepengarang1 aUmar khayyam :bpenyair besar yang memukau dunia /cYoli Hemdi; editor, Aang, Arif Anggoro, penerjemah, Nur Lailatur Rofiah, ilustrator, Joy Subarjah, Yusuf M. Suriawinata aCetakan I, Januari 2019 a46 halaman :bilustrasi ;c25 cm 4aBiografi Islam0 aAangeeditor0 aNur Lailatur Rofiahepenerjemah0 aJoy Subarjaheilustrator0 aYusuf M. Suriawinataeilustrator aBibliografi : halaman 43 aUMAR KHAYYAM, tokoh yang mempunyai banyak keahlian. Di bidang matematika berhasil menghubungkan aljabar dengan geometri, di bidang astronomi menghasilkan peta langit dan peta bintang serta dapat mengoreksi perhitungan hari dalam satu tahun. Kemahirannya pada bidang sastra juga sangat istimewa, menghadirkan karya besar syair-syair dan puisi "Rubiyat" yang ditulis dalam bahasa persia. Hingga kini karya besar tersebut telah diterjemahkan ke berbagai bahasa dunia dan karyanya masih dibaca banyak orang. aOmar khayyam : the great poet that amazes the world aJakarta :bLuxima,c2019 2rdacontentateks 2rdamediaatanpa perantara 2rdacarrieravolume a51746.64566 a51747.64567